| 000 | 01968nam0a2200337 4500 | ||
|---|---|---|---|
| 001 | RU\NLR\BIBL_A\011913984 | ||
| 005 | 20250626151139.0 | ||
| 020 |
_aRU _b[5811] _9Сводный каталог листовок первых лет Советской власти (25 октября (7 ноября) 1917 - 1925). Листовки партийных, советских, военных, профсоюзных, комсомольских и других организаций Украинской ССР, Белорусской ССР, Закавказских и Среднеазиатских Pеспублик |
||
| 035 | _a(NLR Aleph) 011913984 | ||
| 090 |
_a10952524 _c10952524 |
||
| 100 | _a20171207d1920 |||y0rusy50 ca | ||
| 101 | 0 | _aukr | |
| 102 | _aRU | ||
| 105 | _ac z 000zy | ||
| 135 | _acrcn 024apada | ||
| 200 | 1 |
_a"Александр Шумский (парт. фамилия О. Боровой), сын безземельного бедного крестьянина..." _e[листовка] |
|
| 210 |
_aХарьков _cВсеукр. изд-во _d1920 |
||
| 215 |
_a1 с. в 2 стлб. _cс портр. _d31х17 |
||
| 300 | _aНа укр. яз. | ||
| 325 | 1 | _aКопия доступна в Электронной библиотеке РНБ | |
| 327 | _aБиография видного партийного и советского деятеля Украины | ||
| 540 | 1 | _aБиография видного партийного и советского деятеля Украины | |
| 702 | 1 |
_4570 _aШумский _bА. Я. _cпарт. и гос. деятель _f1890-1946 _gАлександр Яковлевич _9211136 _3RU\NLR\AUTH\770211192 |
|
| 852 |
_aNLR _bФЛ _j60/75 |
||
| 942 | _cBOOK | ||
| 980 | _aNB | ||
| 981 | 2 | 1 |
_a(21) Листовки _b(21) Листовки 1920 года |